| 000 | 00536nam a2200145Ia 4500 | ||
|---|---|---|---|
| 008 | 200908s9999 xx 000 0 und d | ||
| 020 | _a978-621-8029-16-3 | ||
| 100 | _aMillan, Zeus Vernon B. | ||
| 245 |
_cZeus Vernon B. Milan.-- _aIntermediate accounting 1B : _bbased on Philippine financial reporting standars (PFRSs) / |
||
| 250 | _a2019 ed. | ||
| 260 |
_aBaguio City : _bBandolin Enterprise _c2019 |
||
| 300 |
_axii , 538 pages : _billustration ; _c22 cm. |
||
| 650 | _aAccounting -- Intermediate accounting. | ||
| 650 | _aAccounting. | ||
| 999 |
_c364107 _d364107 |
||